Statistics for Ethnic Groups and Languages of Russia - Turkic and Mongolic

Click here to take the quiz!

General Stats

  • This quiz has been taken 160 times
  • The average score is 13 of 25

Answer Stats

Language Family - GroupLanguageEthnic GroupNumberRepublic (or other)% Correct
TurkicTatarVolga Tatars5,3 millionTatarstan
95%
TurkicKazakhKazakhs650.000Border to Kazakhstan
79%
Turkic - Siberian TurkicYakut / SakhaYakuts / Sakha people480.000Sakha (aka Yakutia)
76%
TurkicBashkirBashkirs1,6 millionBashkortostan
75%
MongolicBuryatBuryats460.000Buryatia
74%
TurkicChuvashChuvash people1,5 millionChuvashia
73%
TurkicUzbekUzbeks290.000 (or many more)Moscow, more
72%
TurkicTurkmenTurkmens37.000Stavropol Krai
70%
MongolicKalmyk OiratKalmyks180.000Kalmykia
69%
TurkicKyrgyzKyrgyz people100.000
69%
TurkicAzerbaijani aka AzeriAzerbaijanis aka Azeris600.000Border to Azerbaijan
67%
TurkicCrimean TatarCrimean Tatars2400 (excl. Crimea)
66%
Turkic - Siberian TurkicAltaiAltai people75.000Altai
64%
Turkic - Siberian TurkicTuvanTuvans260.000Tuva
63%
TurkicMeskhetian Turkish dialectMeskhetian/Ahiska Turks100.000Krasnodar Krai
62%
TurkicNogaiNogais100.000Dagestan
50%
Turkic - Siberian TurkicKhakasKhakas people70.000Khakassia
45%
TurkicKarachay dialect of Karachay-BalkarKarachays220.000Karachay-Cherkessia
41%
TurkicBalkar dialect of Karachay-BalkarBalkars110.000Kabardino-Balkaria
40%
TurkicKumykKumyks500.000Dagestan
40%
Turkic - Siberian TurkicDolganDolgans8000Krasnoyarsk Krai
21%
Turkic - Siberian TurkicShor (minority)Shors13.000Kemerovo Oblast
18%
Turkic - Siberian TurkicTeleut dialect of Southern AltaiTeleuts2600Kemerovo Oblast
8%
TurkicKumandi dialect of Northern AltaiKumandins2800Altai
5%
TurkicTatarNağaybäk8000Chelyabinsk Oblast
4%

Score Distribution

Percentile by Number Answered

Percent of People with Each Score

Your Score History

You have not taken this quiz